| 000 | 01127cam a22002175a 4500 | ||
|---|---|---|---|
| 008 | 121001s2012 xxk f 000 0 eng d | ||
| 020 | _a9781118399231 | ||
| 035 | _a(Sirsi) u157221 | ||
| 041 | 0 | _aeng | |
| 100 | 1 | _aSmith, Dana K. | |
| 245 | 0 | 0 |
_aBuilding Information Modelling _h[Electronic resource] |
| 260 |
_bJohn Wiley & Sons Inc _c2012 |
||
| 300 | _aEbook | ||
| 520 | _aWith this strategic guide to building information modeling (BIM), you'll learn how to implement this new technology as part of a comprehensive systems approach to the design, construction, management, operation, maintenance, and use of buildings. The authors, among the leading experts and pioneers in BIM, show you how BIM supports more streamlined, integrated, and efficient business processes throughout the life cycle of buildings, from their initial conception through their eventual retirement or reuse. | ||
| 650 | 2 | 4 | _aEBOOK |
| 651 | 4 | _aENGLAND AND WALES | |
| 690 |
_aBIM _96219 |
||
| 710 | 1 | _aTardif, Micheal | |
| 856 | 4 | 0 |
_uhttps://www.vlebooks.com/ _zView on VLEbooks. Logins for members only from [email protected] |
| 942 | _n0 | ||
| 999 |
_c114656 _d114656 |
||